study on gastrointestinal parasites in cattle at tramkak district,takeo province,ការសិក្សាអំពីបរាសិតក្នុងក្រពះពោះវៀនគោនៅស្រុកត្រាំកក់ ខេត្តតាកែវ (Record no. 16526)

000 -LEADER
fixed length control field 00644nam a22001337a 4500
040 ## - CATALOGING SOURCE
Transcribing agency RUA
082 ## - DEWEY DECIMAL CLASSIFICATION NUMBER
Classification number VEM MEA 2016 B593 Or.1
100 ## - MAIN ENTRY--AUTHOR NAME
Personal name MEAS SOTHON,មាស សុធន
245 ## - TITLE STATEMENT
Title study on gastrointestinal parasites in cattle at tramkak district,takeo province,ការសិក្សាអំពីបរាសិតក្នុងក្រពះពោះវៀនគោនៅស្រុកត្រាំកក់ ខេត្តតាកែវ
260 ## - PUBLICATION, DISTRIBUTION, ETC. (IMPRINT)
Place of publication phnom penh
Name of publisher RUA
Year of publication 2016
300 ## - PHYSICAL DESCRIPTION
Number of Pages xi;34p;
Other physical details ill;
Dimensions 29cm;
856 ## - ELECTRONIC LOCATION AND ACCESS
Uniform Resource Identifier https://drive.google.com/file/d/116_XfhXVOQ5numlvJm91dhClgfgprz3b/view?usp=sharing
942 ## - ADDED ENTRY ELEMENTS (KOHA)
Koha item type VEM
952 ## - LOCATION AND ITEM INFORMATION (KOHA)
Withdrawn status [LOCAL, KOHA] 0
952 ## - LOCATION AND ITEM INFORMATION (KOHA)
Withdrawn status [LOCAL, KOHA] 0
952 ## - LOCATION AND ITEM INFORMATION (KOHA)
Withdrawn status [LOCAL, KOHA] 0
952 ## - LOCATION AND ITEM INFORMATION (KOHA)
Withdrawn status [LOCAL, KOHA] 0
952 ## - LOCATION AND ITEM INFORMATION (KOHA)
Withdrawn status [LOCAL, KOHA] 0
952 ## - LOCATION AND ITEM INFORMATION (KOHA)
Withdrawn status [LOCAL, KOHA] 0
952 ## - LOCATION AND ITEM INFORMATION (KOHA)
Withdrawn status [LOCAL, KOHA] 0
Holdings
Permanent Location Date acquired Koha item type Lost status Shelving location Barcode Current Location Full call number
Library Block B2018-03-05VEM B593A32583Library Block BVEM MEA 2016 B593 Or.1
Library Block B2018-03-05VEM B593A32287Library Block BVEM MEA 2016 B593 Or.2
Library Block B2018-03-05VEM B593A32565Library Block BVEM MEA 2016 B593 Or.3
Library Block B2018-03-05VEM B593A32225Library Block BVEM MEA 2016 B593 Or.4
Library Block B2018-03-05VEM B593A32218Library Block BVEM MEA 2016 B593 Or.5
Library Block B2018-03-05VEM B593A32328Library Block BVEM MEA 2016 B593 Or.6
Library Block B2018-03-05VEM B593A32440Library Block BVEM MEA 2016 B593 Or.7
មជ្ឈមណ្ឌលឯការនៃសាកលវិទ្យាល័យភូមិន្ទកសិកម្មចំការដូង

Powered by Koha